Business analytics: data science for business problems/ (Record no. 609774)
[ view plain ]
| 000 -LEADER | |
|---|---|
| fixed length control field | 00551nam a22001697a 4500 |
| 020 ## - INTERNATIONAL STANDARD BOOK NUMBER | |
| International Standard Book Number | 9783030870256 |
| 082 ## - DEWEY DECIMAL CLASSIFICATION NUMBER | |
| Classification number | 658.4033 |
| Author Mark | PAC |
| 100 ## - MAIN ENTRY--PERSONAL NAME | |
| Personal name | Paczkowski, Walter R. |
| 245 ## - TITLE STATEMENT | |
| Title | Business analytics: data science for business problems/ |
| Statement of responsibility, etc. | Walter R. Paczkowski |
| 260 ## - PUBLICATION, DISTRIBUTION, ETC. | |
| Place of publication, distribution, etc. | Switzerland: |
| Name of publisher, distributor, etc. | Springer Nature; |
| Date of publication, distribution, etc. | 2021. |
| 300 ## - PHYSICAL DESCRIPTION | |
| Extent | 387p. |
| 563 ## - BINDING INFORMATION | |
| Binding note | PB. |
| 650 ## - SUBJECT ADDED ENTRY--TOPICAL TERM | |
| Topical term or geographic name entry element | Data science |
| -- | business problems |
| 650 ## - SUBJECT ADDED ENTRY--TOPICAL TERM | |
| Topical term or geographic name entry element | E-BOOKBANK.SEECSTEXTBOOK |
| 856 ## - Uniform Resource Identifier | |
| Uniform Resource Identifier | <a href="http://10.250.8.41:8080/xmlui/handle/123456789/41795">http://10.250.8.41:8080/xmlui/handle/123456789/41795</a> |
| 942 ## - ADDED ENTRY ELEMENTS (KOHA) | |
| Source of classification or shelving scheme | |
| Koha item type | Book |
| 650 ## - SUBJECT ADDED ENTRY--TOPICAL TERM | |
| -- | 123641 |
| 650 ## - SUBJECT ADDED ENTRY--TOPICAL TERM | |
| -- | 125472 |
| Withdrawn status | Lost status | Source of classification or shelving scheme | Damaged status | Not for loan | Permanent Location | Current Location | Date acquired | Source of acquisition | Total Checkouts | Full call number | Barcode | Date last seen | Price effective from | Koha item type |
|---|---|---|---|---|---|---|---|---|---|---|---|---|---|---|
| Central Library (CL) | Central Library (CL) | 06/13/2024 | Golden Books Lahore | 658.4033 PAC | CL-1562 | 12/17/2024 | 06/13/2024 | Book | ||||||
| Central Library (CL) | Central Library (CL) | 06/27/2024 | 280 SCB | SCB-1562 | 06/27/2024 | 06/27/2024 | Book |
